000
00261nam a2200097Ia 4500
001
1048972
005
20250826232304.0
008
250824s9999 xx 000 0 und d
245
0
_a
EYVALLAH BİRLİK DÜKKANI
_c
HİKMET ANIL ÖZTEKİN
260
_b
DESTEK YAYINLARI
999
_c
1048972
_d
1048972